00496nam a2200145Ia 4500008004100000020001800041082001400059100002200073245003800095260001700133500004700150942000700197952013100204999001500335260604s9999 xx 000 0 und d a9781839102141 a158.1 RUN aRUNCO [M.]935443 0aHANDBOOK OF CREATIVITY ASSESSMENT bEDWARD ELGAR aPersonal Development, Creativity, Handbook cBK 00104070aIIMVbIIMVcLOCKERd2026-06-04g23494.89l0o158.1 RUNp003880r2026-06-04 10:19:35v23494.89w2026-06-04yBKBRUN c8262d8262